I stink, I think / (Record no. 13820)

000 -LEADER
fixed length control field 00562nam a2200169 4500
020 ## - ISBN
ISBN 9789710099825
082 ## - DEWEY DECIMAL CLASSIFICATION NUMBER
Classification number Fil. 248.4 B8754i 2025
100 ## - MAIN ENTRY--PERSONAL NAME
Personal name Burke, Vince
245 ## - TITLE STATEMENT
Title I stink, I think /
Statement of responsibility, etc. written by Vincent Burke ; illustrated by Aldy Aguirre
260 ## - PUBLICATION, DISTRIBUTION, ETC. (IMPRINT)
Place of publication, distribution, etc. Metro Manila
Name of publisher, distributor, etc. OMF Literature Inc.
Date of publication, distribution, etc. c2025
300 ## - PHYSICAL DESCRIPTION
Extent/Page number 31 pages :
Other physical details chiefly colored illustrations ;
Dimensions 22.5 x 17 cm
526 ## - STUDY PROGRAM INFORMATION NOTE
PROGRAM TYPE Religion (men’s faith)
650 ## - SUBJECT ADDED ENTRY--TOPICAL TERM
Topical term or geographic name as entry element Christian life -- Juvenile literature
650 ## - SUBJECT ADDED ENTRY--TOPICAL TERM
Topical term or geographic name as entry element Children's stories, Philippine (English)
650 ## - SUBJECT ADDED ENTRY--TOPICAL TERM
Topical term or geographic name as entry element Cleanliness
942 ## - ADDED ENTRY ELEMENTS
Classification
Item type Book
Holdings
Withdrawn status Lost status Source of classification or shelving scheme Damaged status Not for loan Collection code Permanent Location Current Location Shelving location Date acquired Source of acquisition Cost, normal purchase price Full call number Barcode Date last seen Cost, replacement price Price effective from Item type
          Filipiniana Grade School Library Grade School Library Filipiniana 2026-02-04 MIBF 150.00 Fil. 248.4 B8754i 2025 GS5744 2026-02-04 300.00 2026-02-04 Book